000 00527nam a2200193Ia 4500
005 20250326141100.0
008 250326s9999 xx 000 0 und d
020 _a0-19-563531-0
037 _aTextbook
040 _aFMSL
_beng
_cFMSL
041 _aeng
_2eng
084 _aXogB N7
_qFMSL
100 _aKrishna K L
245 0 _aEconometric applications in India
_cKrishna K L
260 _aDelhi
_bDelhi, Oxford University
_c1997
300 _axxiii,358
942 _cTB
_hXogB N7
999 _c1288622
_d1288622